000 00747nam a2200217 4500
001 108550
003 ES-MaACL
005 20250824230754.0
007 t|
008 061121s1955 sp r ||||1| spa d
110 2 _aAbadía de La Pierre-qui-Vire.
_91132
245 1 0 _aMonjes /
_cAbadía de La Pierre-qui-Vire; prólogo de Fray Justo Pérez de Urbel; traducción de Victorio Peral.
260 _aMadrid :
_bRialp,
_c1955.
300 _a250 p. ;
_c17 cm.
490 1 _aPatmos, Libros de Espiritualidad ;
_vVol. 52
700 1 _aPérez de Urbel, Justo.
_990812
700 1 _aPeral Domínguez, Victorio.
_990355
830 0 0 _aPatmos (Rialp)
_vVol. 52
_9181154
852 _aES-MaACL
_jC-10716
_bR.38409
999 _c108550
_d108550